đź“–đź’¬ Paroles "Les Frelons et les Mouches Ă  miel" la Fontaine - Statistiques

Statistiques générales
  • Ce quiz a Ă©tĂ© pris 55 fois
  • Le rĂ©sultat moyen est 136 sur 267
Statistiques - réponses
Mots % Correct
l'
100%
le
100%
Le
100%
miel
100%
N'
100%
t-
100%
Turcs
100%
un
100%
A
94%
Ă 
94%
a-
94%
d'
94%
de
94%
De
94%
et
94%
Et
94%
Frelons
94%
Il
94%
il
94%
les
94%
Les
94%
ne
94%
s'
94%
Au
88%
Des
88%
des
88%
la
88%
La
88%
on
88%
On
88%
une
88%
en
82%
qu'
82%
que
82%
Que
82%
qui
82%
se
82%
Mais
76%
Nous
76%
nous :
76%
nous
76%
plus
76%
aux
71%
avec
71%
ces
71%
Ces
71%
bien
65%
dans
65%
est
65%
fait
65%
peu
65%
point
65%
pour
65%
par
59%
sans
59%
Sans
59%
tout
59%
comme
53%
était
53%
faire
53%
leur
53%
si
53%
Abeille
47%
bon
47%
cet
47%
Dit
47%
leurs
47%
tous
47%
Abeilles
41%
Abeilles,
41%
ailés
41%
ainsi
41%
Avaient
41%
Quelques
41%
quoi,
41%
quoi
41%
tant
41%
temps
41%
dire
35%
étaient
35%
sait
35%
animaux
29%
Fit
29%
fit
29%
fort
29%
suc
29%
cela
24%
chose.
24%
fin,
24%
jours.
24%
lieu
24%
mange,
24%
rayons
24%
Dieu
18%
doux
18%
GuĂŞpe
18%
maître
18%
Ours ?
18%
ceci ?
12%
Depuis
12%
désormais
12%
œuvre
12%
Pendant
12%
premiers
12%
savoir :
12%
voir
12%
autour
6%
cause.
6%
cause
6%
connaît
6%
Devant
6%
faudrait
6%
frais.
6%
gâte.
6%
Juge
6%
Juge,
6%
longtemps
6%
mois
6%
pareilles.
6%
procès ;
6%
sachant
6%
six
6%
tels
6%
témoins
6%
trouvèrent.
6%
verra
6%
adjugea
0%
art
0%
Artisan.
0%
assez
0%
bâties.
0%
bourdonnants,
0%
cellules
0%
certaine
0%
Code.
0%
commun
0%
contredits,
0%
couleur
0%
décider
0%
déposaient
0%
écailles
0%
enquĂŞte
0%
enseignes
0%
Entendit
0%
fatras,
0%
fourmilière.
0%
grâce,
0%
grimoires,
0%
gruge ;
0%
hâte :
0%
huître
0%
interlocutoires,
0%
léché
0%
longs,
0%
longueurs :
0%
lumière
0%
malaisé
0%
méthode :
0%
mine
0%
nouvelle ;
0%
opposant,
0%
parties :
0%
paru.
0%
passait
0%
pendante,
0%
plaideurs.
0%
Plût
0%
prudente.
0%
raisons,
0%
réclamèrent.
0%
refus
0%
réglât
0%
sens
0%
simple
0%
suivît
0%
tannée ;
0%
tantĂ´t
0%
tiendrait
0%
traduisit
0%
Travaillons,
0%
voici
0%
Aucun quiz correspondant
Distribution des résultats
% des personnes avec chaque résultat
Percentile par nombre de réponses
Votre historique - résultats
Vous n’avez pas pris ce quiz